|
|
|
|
| LEADER |
02325nam a2200577 4500 |
| 001 |
ocn900723974 |
| 003 |
OCoLC |
| 005 |
20170124071920.3 |
| 006 |
m o d |
| 007 |
cr cnu|||unuuu |
| 008 |
150126s2015 gw ob 000 0 eng d |
| 040 |
|
|
|a N$T
|b eng
|e rda
|e pn
|c N$T
|d N$T
|d DG1
|d E7B
|d OCLCF
|d YDXCP
|d COO
|d DEBBG
|d D6H
|d K6U
|d GrThAP
|
| 019 |
|
|
|a 961518152
|a 962727825
|
| 020 |
|
|
|a 9783433604908
|q electronic bk.
|
| 020 |
|
|
|a 3433604908
|q electronic bk.
|
| 020 |
|
|
|a 9783433604915
|q electronic bk.
|
| 020 |
|
|
|a 3433604916
|q electronic bk.
|
| 020 |
|
|
|z 9783433031070
|
| 020 |
|
|
|a 343303107X
|
| 020 |
|
|
|a 9783433031070
|
| 029 |
1 |
|
|a DEBBG
|b BV043397472
|
| 035 |
|
|
|a (OCoLC)900723974
|z (OCoLC)961518152
|z (OCoLC)962727825
|
| 043 |
|
|
|a e------
|
| 050 |
|
4 |
|a TA664
|
| 072 |
|
7 |
|a TEC
|x 009020
|2 bisacsh
|
| 082 |
0 |
4 |
|a 624.182102184
|2 23
|
| 049 |
|
|
|a MAIN
|
| 100 |
1 |
|
|a Dujmović, Darko,
|e author.
|
| 245 |
1 |
0 |
|a Composite Structures according to Eurocode 4 :
|b worked examples /
|c Darko Dujmović, Boris Androić, Ivan Lukac̆ević.
|
| 264 |
|
1 |
|a Berlin, Germany :
|b Ernst & Sohn, a Wiley brand,
|c [2015]
|
| 300 |
|
|
|a 1 online resource
|
| 336 |
|
|
|a text
|b txt
|2 rdacontent
|
| 337 |
|
|
|a computer
|b c
|2 rdamedia
|
| 338 |
|
|
|a online resource
|b cr
|2 rdacarrier
|
| 504 |
|
|
|a Includes bibliographical references.
|
| 588 |
0 |
|
|a Vendor-supplied metadata.
|
| 650 |
|
0 |
|a Composite construction.
|
| 650 |
|
0 |
|a Composite construction
|x Standards
|z European Union countries.
|
| 650 |
|
0 |
|a EN1994 Eurocode 4 (Standard)
|
| 650 |
|
7 |
|a TECHNOLOGY & ENGINEERING / Civil / General
|2 bisacsh
|
| 650 |
|
7 |
|a Composite construction.
|2 fast
|0 (OCoLC)fst00871671
|
| 650 |
|
7 |
|a Composite construction
|x Standards.
|2 fast
|0 (OCoLC)fst00871678
|
| 650 |
|
7 |
|a EN1994 Eurocode 4 (Standard)
|2 fast
|0 (OCoLC)fst01893620
|
| 651 |
|
7 |
|a Europe
|z European Union countries.
|2 fast
|0 (OCoLC)fst01269470
|
| 655 |
|
4 |
|a Electronic books.
|
| 655 |
|
0 |
|a Electronic books.
|
| 700 |
1 |
|
|a Androić, Boris,
|e author.
|
| 700 |
1 |
|
|a Lukačević, Ivan,
|e author.
|
| 776 |
0 |
8 |
|i Print version:
|a Dujmovic, Darko.
|t Composite structures according to eurocode 4 : worked examples.
|d Berlin, Germany : Ernst & Sohn, c2015
|h xxxiii, 890 pages
|z 9783433031070
|
| 856 |
4 |
0 |
|u https://doi.org/10.1002/9783433604908
|z Full Text via HEAL-Link
|
| 994 |
|
|
|a 92
|b DG1
|